000 01919nam0a2200373 4500
001 RU\NLR\BIBL_A\011688074
005 20180628100633.0
010 _a978-5-88313-906-1
_980
021 _aRU
_bКН-П-18-021242
_9КН-П-18-1552
035 _a(NLR Aleph) 011688074
035 _a(RuMoRGB)009580161
090 _a11322864
_c11322864
100 _a20180423d2017 k y0rusy50 ca
101 0 _arus
102 _aRU
105 _aach|z|||0y0zy
200 1 _aКурский завод тракторных запасных частей: факты, события, люди
_f[Г.А. Салтык, И.П. Салтык, Л.С. Холтобина]
_gКурский государственный университет
210 _aКурск
_cИзд-во Курского государственного университета
_d2017
215 _a302 с.
_cил., цв. ил., портр., факс., табл.
_d21
300 _aКоллективу произв. об-ния "Кур. ордена Трудового Красн. Знамени з-д трактор. запасных частей им. 50-летия СССР" посвящается
300 _aАвт. указаны на обл.
601 0 2 _aКурский завод тракторных запасных частей
_92371225
_3RU\NLR\AUTH\6601636997
686 _aУ9(2)305.851.528.110.92
_2rubbk
686 1 _aУ30(2)585.152.821.092
700 1 _aСалтык
_bГ. А.
_gГалина Александровна
701 1 _aСалтык
_bИ. П.
_gИван Петрович
701 1 _aХолтобина
_bЛ. С.
_gЛариса Семеновна
942 _cBOOK
980 _aNBR
980 _aNB